| 000 | 00647nam a2200217Ia 4500 | ||
|---|---|---|---|
| 003 | GCL | ||
| 008 | 140319s9999 xx 000 0 ara d | ||
| 040 |
_aGCL / _cGCL |
||
| 082 | 0 | 4 |
_a301.32 _bم ث |
| 100 | 1 | _aهكسلى ، جوليان | |
| 245 | 1 | 0 |
_aثلاث مقالات عن السكان / _cهكسلى ، جوليان |
| 700 | 1 | _aمالتس, توماس | |
| 700 | 1 | _aاوزبورن, فردريك | |
| 700 | 1 | _aمرسى ابوالليل (مترجم) | |
| 300 | _a188 ص | ||
| 490 |
_aالالف كتاب _v0 |
||
| 650 | 0 | 4 | _aالمقالات |
| 650 | 0 | 4 | _aالسكان |
| 650 | 0 | 4 | _aالمشكلة السكانية |
| 942 |
_2ddc _cBK |
||
| 999 |
_c43553 _d43553 |
||